| 000 -LEADER |
| fixed length control field |
00742nam a2200229Ia 4500 |
| 001 - CONTROL NUMBER |
| control field |
5413 |
| 003 - CONTROL NUMBER IDENTIFIER |
| control field |
GE_BSU |
| 008 - FIXED-LENGTH DATA ELEMENTS--GENERAL INFORMATION |
| fixed length control field |
181216s||||||||xx |||||||||||||| ||und|| |
| 040 ## - CATALOGING SOURCE |
| Transcribing agency |
GE_BSU |
| 080 ## - UNIVERSAL DECIMAL CLASSIFICATION NUMBER |
| Universal Decimal Classification number |
510 |
| 100 ## - MAIN ENTRY--PERSONAL NAME |
| Personal name |
Дорф П.Я., Румер А.О |
| 245 ## - TITLE STATEMENT |
| Title |
Измерения на местности. |
| 245 ## - TITLE STATEMENT |
| Remainder of title |
перери доп. Акад. педагог. наук РФСР. Ин-ут методов обучения |
| 250 ## - EDITION STATEMENT |
| Edition statement |
изд. 2-ое, |
| 260 ## - PUBLICATION, DISTRIBUTION, ETC. |
| Place of publication, distribution, etc. |
Москва |
| 260 ## - PUBLICATION, DISTRIBUTION, ETC. |
| Name of publisher, distributor, etc. |
Акад. пед. наук РФСР |
| 260 ## - PUBLICATION, DISTRIBUTION, ETC. |
| Date of publication, distribution, etc. |
1957 |
| 300 ## - PHYSICAL DESCRIPTION |
| Extent |
430 с.22см. |
| 300 ## - PHYSICAL DESCRIPTION |
| Accompanying material |
(Педагогичесая Биб-ка учителя |
| 653 ## - INDEX TERM--UNCONTROLLED |
| Uncontrolled term |
Измерения на местности. |
| 942 ## - ADDED ENTRY ELEMENTS (KOHA) |
| Koha item type |
წიგნი |